Normal view
MARC view
- Joint ventures
Entry Topical Term
001 - CONTROL NUMBER
- control field: 7561
003 - CONTROL NUMBER IDENTIFIER
- control field: NUST
005 - DATE AND TIME OF LATEST TRANSACTION
- control field: 20171226101017.0
008 - FIXED-LENGTH DATA ELEMENTS
- fixed length control field: 171226|| aca||aabn | a|a d
040 ## - CATALOGING SOURCE
- Original cataloging agency: NUST
- Transcribing agency: NUST
150 ## - HEADING--TOPICAL TERM
- Topical term or geographic name entry element: Joint ventures
- General subdivision: Management.
670 ## - SOURCE DATA FOUND
- Source citation: Work cat.: (NUST)0: Harrigan, Kathryn Rudie. 7560, Managing for joint venture success /, 1986.
